00265nam a2200097Ia 4500008004000000082001600040100002400056245003200080260004700112300000800159210210b1975 xxu||||| |||| 00| 0 eng d a320.12 BERM aBERGMAN (Edward F). aModern political geography. aLowa, USA.bWMC Brown Co. publishersc1975 a408